Understanding the accuser (Record no. 2790)

MARC details
000 -LEADER
fixed length control field 00419nam a2200169Ia 4500
003 - CONTROL NUMBER IDENTIFIER
control field GBCCL
005 - DATE AND TIME OF LATEST TRANSACTION
control field 20241126110439.0
008 - FIXED-LENGTH DATA ELEMENTS--GENERAL INFORMATION
fixed length control field 170920b xxu||||| |||| 00| 0 eng d
040 ## - CATALOGING SOURCE
Transcribing agency gbc
082 ## - DEWEY DECIMAL CLASSIFICATION NUMBER
Classification number 235.4
Item number ALS
100 ## - MAIN ENTRY--PERSONAL NAME
Personal name Alsobrook, David
9 (RLIN) 5887
245 ## - TITLE STATEMENT
Title Understanding the accuser
260 ## - PUBLICATION, DISTRIBUTION, ETC.
Name of publisher, distributor, etc. Sovereign world,
Place of publication, distribution, etc. England :
Date of publication, distribution, etc. 1999.
300 ## - PHYSICAL DESCRIPTION
Extent 91p.
650 ## - SUBJECT ADDED ENTRY--TOPICAL TERM
Topical term or geographic name entry element Satan (Lucifer )
9 (RLIN) 5888
942 ## - ADDED ENTRY ELEMENTS (KOHA)
Source of classification or shelving scheme Dewey Decimal Classification
Koha item type Books
Koha issues (borrowed), all copies 6
Holdings
Withdrawn status Lost status Source of classification or shelving scheme Damaged status Not for loan Home library Current Library Shelving location Date acquired Total checkouts Full call number Barcode Date last seen Copy number Price effective from Koha item type Total renewals Date last checked out
    Dewey Decimal Classification     GRACE BIBLE COLLEGE GRACE BIBLE COLLEGE Theology 2017-09-20   235.4 ALS 007745 2025-05-01 c.1 2017-09-20 Books    
    Dewey Decimal Classification     GRACE BIBLE COLLEGE GRACE BIBLE COLLEGE Theology 2017-09-20 1 235.4 ALS 007746 2025-05-01 c.2 2017-09-20 Books 2 2022-09-19
    Dewey Decimal Classification     GRACE BIBLE COLLEGE GRACE BIBLE COLLEGE Theology 2017-09-20 3 235.4 ALS 007747 2025-05-01 c.3 2017-09-20 Books   2022-09-28
    Dewey Decimal Classification     GRACE BIBLE COLLEGE GRACE BIBLE COLLEGE Theology 2017-09-20 3 235.4 ALS 009718 2025-05-01 c.4 2017-09-20 Books   2025-02-19
© Grace Bible College Library 2025